00880pam a2200277 a 4500090000600000001000800006005001700014008004100031010001700072020002500089040001800114050002100132082001700153100001900170245004100189250001200230260005300242300005700295500002000352650001500372650003200387700002400419942001200443999001700455952013000472 c0161602419960610100421.1950920s1996 njua 001 0 eng  a 95025644  a0133666670 :c$45.00 aDLCcDLCdDLC00aQA76b.L576 199600a004220bLON1 aLong, Larry E.10aComputers /cLarry Long, Nancy Long. a4th ed. aUpper Saddle River, NJ :bPrentice Hall,cc1996. a1 v. (various pagings) :bill. (some col.) ;c28 cm. aIncludes index. 0aComputers. 0aElectronic data processing.1 aLong, Nancy,d1947- 2ddccBB c10637d10637 00102ddc40708AlahramaMAINbMAINcLOWd2009-02-03epurchaseg103.80h6396l0o004 LONp000014449r2025-07-15 00:00:00yBB